000 01441cam a2200409 a 4500
999 _c8238
_d8238
001 15307777
003 GZU
005 20210518092454.0
008 080528s2008 enka 000 d eng d
010 _a 2008273917
015 _aGBA860498
_2bnb
016 7 _a014600186
_2Uk
020 _a9780521706773 (pbk)
035 _a(OCoLC)ocn226974094
040 _aUKM
_cUKM
_dYDXCP
_dDLC
042 _aukscp
_alccopycat
043 _ae------
_aff-----
_aaw-----
050 0 0 _aPR2808
_b.JUL 2008
082 0 0 _a822.3/3
_222
100 1 _aShakespeare, William,
_d1564-1616.
245 1 0 _aJulius Caesar /
_cedited by Rob Smith.
260 _aCambridge ;
_aNew York :
_bCambridge University Press,
_c2008.
300 _axii, 196 p. :
_bill. (some col.) ;
_c23 cm.
440 0 _aCambridge school Shakespeare
600 1 0 _aShakespeare, William,
_d1564-1616.
_tJulius Caesar
_vProblems, exercises, etc.
600 1 0 _aCaesar, Julius
_xAssassination
_vDrama.
600 1 0 _aBrutus, Marcus Junius,
_d85 B.C.?-42 B.C.
_vDrama.
650 0 _aConspiracies
_vDrama.
650 0 _aAssassins
_vDrama.
650 0 _aYoung adult drama, English.
651 0 _aRome
_xHistory
_yCivil War, 43-31 B.C.
_vDrama.
655 7 _aTragedies.
_2gsafd
700 1 _aSmith, Robert,
_d1954 April 24-
906 _a7
_bcbc
_ccopycat
_d2
_encip
_f20
_gy-gencatlg
942 _2olc
_cBK
_h2807
_iJUL
_kPR